Biblioteca

Cuentos del cielo y de la tierra (Registro nro. 68347)

Detalles MARC
000 -LÍDER
Campo fijo de descripción fija 00614nam a2200217 i 4500
001 - NÚMERO DE CONTROL
Campo de control BINCO
003 - IDENTIFICADOR DEL NÚMERO DE CONTROL
Campo de control CO-MdBIC
005 - FECHA Y HORA DE LA ULTIMA TRANSACCIÓN
control field 20221117163834.0
008 - ELEMENTOS DE LONGITUD FIJA -- INFORMACIÓN GENERAL
Campo fijo de descripción fija -- Información general 221117b2007 sp a|||| |||| 00| 0 spa d
020 ## - NÚMERO INTERNACIONAL NORMALIZADO PARA LIBROS
Número Internacional Normalizado del libro 9788424624286
040 ## - FUENTE DE CATALOGACIÓN
Agencia de catalogación original CO-MdBIC
Idioma de catalogación spa.
Agencia que realiza la transcripción CO-MdBIC
Agencia que realiza la modificación CO-MdBIC
041 ## - CÓDIGO DE IDIOMA
Código de idioma para texto/pista de sonido o título separado spa
082 ## - NÚMERO DE CLASIFICACIÓN DECIMAL DEWEY
Número de la edición del Dewey 22
Número de clasificación 550
Clave de autor-Numero de item M722
100 ## - ASIENTO PRINCIPAL--NOMBRE PERSONAL
Nombre personal Molina, Tomàs
Fechas asociadas con el nombre (1963-
245 ## - TÍTULO
Título del Material Cuentos del cielo y de la tierra
Mención de responsabilidad, etc. Molina, Tomàs
264 ## - PRODUCCIÓN, PUBLICACIÓN, DISTRIBUCIÓN, MANUFACTURA, Y COPYRIGHT
Lugar de producción, publicación, distribución, manufactura Barcelona:
Nombre del productor, publicador, distribuidor LA galera, SAU Editorial;
Fecha de producción, publicación, distribución, manufactura, o copyright ©2007.
300 ## - DESCRIPCIÓN FÍSICA
Extensión 40 páginas:
Otros detalles físicos Ilustraciones a color;
Dimensiones 25cm.
650 ## - ASIENTO SECUNDARIO DE MATERIA - TERMINO TEMÁTICO
Subdivisión general Cielo y tierra
700 ## - ASIENTO SECUNDARIO - NOMBRE PERSONAL
Nombre personal El persas
942 ## - TIPO DE MATERIAL (KOHA)
Tipo de Item KOHA Z- Libro General BINCO

No hay ítems disponibles.

Biblioteca FUSBC | Teléfono: (57+4) 349 88 10 Ext. 141| WhatsApp (+57) 3005338115 
E-mail: biblioteca@unisbc.edu.co | Calle 76 87-14 Robledo Palenque, Medellín, Colombia

Con tecnología Koha